| 000 | 00556nam a2200205Ia 4500 | ||
|---|---|---|---|
| 005 | 20250325062919.0 | ||
| 008 | 240331s9999 xx 000 0 und d | ||
| 020 | _a0816621705 | ||
| 082 |
_a302.23 _bRUT _22072 |
||
| 245 | 0 |
_aRuthless Criticism: _bNew Perspectives in U.S. Communication History |
|
| 260 |
_aLondon, _bUniversity of Minnesota _c1993 |
||
| 300 | _aix, 389 p., | ||
| 650 | _aCriticism | ||
| 650 | _aHistory | ||
| 650 | _aCommunication | ||
| 650 | _aMedia | ||
| 700 |
_a Solomon, W. S _eedt |
||
| 700 |
_aMcChesney, R. W _eedt |
||
| 942 | _cL | ||
| 999 |
_c1138 _d1138 |
||